Normal view
MARC view
- Saulles,Tony De
Entry Corporate Name
001 - CONTROL NUMBER
- control field: 81928
003 - CONTROL NUMBER IDENTIFIER
- control field: NUST
005 - DATE AND TIME OF LATEST TRANSACTION
- control field: 20210830170041.0
008 - FIXED-LENGTH DATA ELEMENTS
- fixed length control field: 210830|| aca||aabn | a|a d
040 ## - CATALOGING SOURCE
- Original cataloging agency: NUST
- Transcribing agency: NUST
110 ## - HEADING--CORPORATE NAME
- Corporate name or jurisdiction name as entry element: Saulles,Tony De
670 ## - SOURCE DATA FOUND
- Source citation: Work cat.: (NUST): Arnold,Nick 81927, Ugly Bugs Horrible Science Not A Pretty Sight, 2008.
